|
|
แสดงรายละเอียดบรรณานุกรม |
|
|
Brief Record
: Get Marc (ISO 2709)
: E-mail record
: |
| LEADER 00000nama 2200000uu 4500 | |||
| 001 186446 | |||
| 003 ULIBM | |||
| 008 040531s2540 th m m a000 0 tha d | |||
| 020 974-798-026-6 | |||
| 041 tha | |||
| 050 BQ280 ก170พ | |||
| 100 กรมการแพทย์. สถาบันการแพทย์แผนไทย | |||
| 245 พุทธธรรมนำสุขภาพดี / สถาบันการแพทย์แผนไทย กรมการแพทย์ 001 | |||
| 260 นนทบุรี สถาบันการแพทย์แผนไทย 2540 | |||
| 300 87 หน้า | |||
| 650 พุทธธรรม | |||
| 998 1998-02-11 | |||
| คุณยังไม่ได้ล็อกอิน คุณสามารถมีกิจกรรมร่วมกับเว็บไซต์ได้ แต่ต้องล็อกอินก่อน :: |
|
| สถานะ | |||||||||
| 1. | หนังสือทั่วไป | BQ280 ก170พ 2540 | On Shelf ขอยืม | ||||||
| 2. | หนังสือทั่วไป | BQ280 ก170พ 2540 | On Shelf ขอยืม | ||||||
| 3. | หนังสือทั่วไป | BQ280 ก170พ 2540 | On Shelf ขอยืม | ||||||
| 4. | หนังสือทั่วไป | BQ280 ก170พ 2540 | On Shelf ขอยืม | ||||||
| [แสดง 4/4 รายการ] | |||||||||
| รายการใกล้เคียง หัวเรื่อง [พุทธธรรม] |
BibComment |
| คอมเมนท์ทรัพยากรรายการนี้ |
|
|